00526nam a2200169Ia 4500003000900000008004100009020001800050040001600068080001700084100001800101245010700119260003400226300001500260490003500275650001500310650003100325IN-BaIIA211028s9999 xx 000 0 eng d a0-19-851479-4 cIIA Library a524.882bDEA aD'eath, P. D. 0aBlack holesbgravitational interactionscP. D. D'eath  aOxfordbClarendon Pressc1996 axii, 286p. aOxford mathematical monographs aBlackholes aGravitational interactions